000 00267nam a22001097a 4500
008 230703b xxu||||| |||| 00| 0 eng d
082 _a342.
_bKON 1968
245 _aBill of Rights Reader
260 _bCornell University
_c1968
300 _aXXIV,1198p
942 _2ddc
_cBK
999 _c3531
_d3531